[Event "Teplice Open"]
[Site "Teplice CZE"]
[Date "2011.06.13"]
[Round "3"]
[White "Vlasak,Lu"]
[Black "Cernousek,L"]
[Result "1/2-1/2"]
[WhiteElo "2315"]
[BlackElo "2418"]

1.e4 c5 2.Nf3 d6 3.d4 Nf6 4.Nc3 cxd4 5.Nxd4 a6 6.Be3 e5 7.Nf3 Be7 8.Bc4 O-O
9.O-O Be6 10.Qe2 Bxc4 11.Qxc4 b5 12.Qd3 b4 13.Nd5 Nxd5 14.Qxd5 Nd7 15.Rfd1 Qc7
16.Rac1 Nf6 17.Qd3 Rfd8 18.Bg5 Nh5 19.Bxe7 Qxe7 20.Qd2 Nf4 21.g3 d5 22.Qe1 Qe6
23.exd5 Qg4 24.Nxe5 Ne2+ 25.Kf1 Qe4 26.f3 Qxe5 27.Qxe2 Qxb2 28.Qc4 h6 29.Qb3 Qe5
30.Qxb4 Rxd5 31.Rxd5 Qxd5 32.Qe4 Qxe4 33.fxe4 Re8 34.Re1 Rc8 35.Re2 Rc4  1/2-1/2

[Event "7th Metropolitan IM"]
[Site "Los Angeles USA"]
[Date "2011.06.15"]
[Round "1"]
[White "Zepeda,L"]
[Black "Matikozian,A"]
[Result "1-0"]
[WhiteElo "2185"]
[BlackElo "2458"]

1.e4 c5 2.Nf3 d6 3.d4 cxd4 4.Nxd4 Nf6 5.Nc3 a6 6.Be3 e6 7.g4 b5 8.g5 Nfd7
9.h4 Bb7 10.a3 Nb6 11.h5 N8d7 12.g6 hxg6 13.hxg6 Rxh1 14.gxf7+ Ke7 15.Qg4 Qc8
16.Qxe6+ Kd8 17.Qe8+ Kc7 18.Ne6+ Kc6 19.Nd5 Rxf1+ 20.Kxf1 Nxd5 21.exd5+ Kxd5
22.Nxf8 Kc6 23.Qe4+ Kc7 24.Ne6+ Kb8 25.Qf4  1-0

[Event "Voronezh Master Open"]
[Site "Voronezh RUS"]
[Date "2011.06.15"]
[Round "4.6"]
[White "Gabrielian,A"]
[Black "Efanov,N"]
[Result "1/2-1/2"]
[WhiteElo "2546"]
[BlackElo "2413"]

1.e4 c5 2.Nf3 d6 3.d4 cxd4 4.Nxd4 Nf6 5.Nc3 a6 6.Be3 e6 7.Be2 Nbd7 8.g4 h6
9.f4 Nc5 10.Bf3 e5 11.Nf5 Qc7 12.Qd2 Be6 13.O-O-O O-O-O 14.g5 hxg5 15.fxg5 g6
16.gxf6 gxf5 17.exf5 Bc4 18.b3 d5 19.Bg5 d4 20.bxc4 Qa5 21.Kb1 dxc3 22.Qxd8+ Qxd8
23.Rxd8+ Kxd8 24.Rd1+ Kc7 25.h4 e4 26.Be2 Bh6 27.a3 Kc6 28.Rg1 Bf8 29.Rg3 Bd6
30.Rxc3 Be5 31.Rh3 Nd7 32.h5 Bxf6 33.Be3 Kd6 34.Rh1 Nc5 35.Ka2 b6 36.h6 Ke5
37.Rf1 Na4 38.Bh5 Rh7 39.Kb3 Nc5+ 40.Kb4 Be7 41.Kc3 Na4+ 42.Kb3 Nc5+ 43.Ka2 Bf8
44.Rd1 Kxf5 45.Rd5+ Ke6 46.Bg4+ Kf6 47.Rf5+ Kg6 48.Rg5+ Kf6 49.Rg8 Bxh6 50.Bd4+ Ke7
51.Bf5 Ne6 52.Bxh7 Nxd4 53.Bxe4 Be3 54.Rb8 Ne6 55.Rb7+ Kf6 56.Bd5 Kg6 57.a4 a5
58.Bxe6 fxe6 59.Kb3 e5 60.Kc3 e4 61.Kb2 Kf5 62.Rf7+ Kg4 63.c3 Bc5 64.Kc2 Kg3
65.Kd2 Kg4 66.Ke2 Kg3 67.Kf1 Be3 68.Ke2 Bc5 69.Rf5 Kg4 70.Rd5 Kf4 71.Rd1 Kg4
72.Rf1 Kg3 73.Rf6 Kg4 74.Rf1 Kg3 75.Rd1 Kf4 76.Rd4 Ba3 77.Rd7 Bc5 78.Rh7 Kg3
79.Rh5 Kg4 80.Rh8 Kg3 81.Kf1 Be3 82.Rf8 Bc5 83.Rf6 Be3 84.Ke2 Bc5 85.Rf5 Kg4
86.Rd5 Kf4 87.Rd7 Kg3  1/2-1/2

[Event "49th National Challengers ch-IND"]
[Site "Aurangabad IND"]
[Date "2011.06.16"]
[Round "2"]
[White "Vishnu,P"]
[Black "Narayanan,SL"]
[Result "1-0"]
[WhiteElo "2355"]
[BlackElo "2167"]

1.e4 c5 2.Nf3 d6 3.d4 cxd4 4.Nxd4 Nf6 5.Nc3 a6 6.Be3 e5 7.Nf3 Be7 8.Bc4 O-O
9.O-O Be6 10.Bb3 Nc6 11.Re1 Na5 12.Bg5 Rc8 13.Re2 Rxc3 14.bxc3 Qc7 15.Ne1 Nc4
16.Bxf6 Bxf6 17.Nd3 a5 18.a4 Rd8 19.h3 d5 20.exd5 Bxd5 21.Qe1 e4 22.Rd1 h6
23.Nf4 Qxf4 24.Bxc4 Bxc4 25.Rxd8+ Bxd8 26.Rxe4 Qc7 27.Re8+ Kh7 28.Qe4+ g6
29.Qd4  1-0

[Event "Voronezh Master Open"]
[Site "Voronezh RUS"]
[Date "2011.06.16"]
[Round "5.28"]
[White "Aginian,N"]
[Black "Oparin,G"]
[Result "1-0"]
[WhiteElo "2284"]
[BlackElo "2368"]

1.e4 c5 2.Nf3 d6 3.d4 cxd4 4.Nxd4 Nf6 5.Nc3 a6 6.Be3 e6 7.f3 b5 8.Qd2 Nbd7
9.g4 Nb6 10.a4 bxa4 11.Nxa4 Nxa4 12.Rxa4 Bb7 13.Be2 d5 14.g5 Nd7 15.exd5 Bxd5
16.Rxa6 Rxa6 17.Bxa6 Bc5 18.Bb5 O-O 19.b4 Be7 20.c4 Ba8 21.O-O Ne5 22.h3 Qd6
23.f4 Ng6 24.Nc6 Qc7 25.Nxe7+ Qxe7 26.Bc5 Rd8 27.Ra1 Rxd2 28.Bxe7 Be4 29.Ra7 h5
30.gxh6 Nxf4 31.Rd7 Bd3 32.Rd8+ Kh7 33.Bc6 Re2 34.hxg7 Kxg7 35.Bf3 Nxh3+
36.Kh1 Rc2 37.b5 e5 38.Bf8+ Kf6 39.b6 e4 40.Bg2 Nf2+ 41.Kh2 Ng4+ 42.Kg3 Ne3
43.b7 Rxg2+ 44.Kf4 Nf5 45.Rxd3 Rf2+ 46.Kxe4 Rb2 47.Rd5 Ng3+ 48.Kf3 Rb3+ 49.Kg4 Ne4
50.Rb5 Nf2+ 51.Kf4 Nh3+ 52.Ke4 Ng5+ 53.Kd5 Rd3+ 54.Kc6  1-0

[Event "Teplice Open"]
[Site "Teplice CZE"]
[Date "2011.06.17"]
[Round "7"]
[White "Kriebel,T"]
[Black "Womacka,M"]
[Result "0-1"]
[WhiteElo "2332"]
[BlackElo "2455"]

1.e4 c5 2.Nf3 d6 3.d4 cxd4 4.Nxd4 Nf6 5.Nc3 a6 6.Be3 e5 7.Nb3 Be7 8.f3 Be6
9.Qd2 O-O 10.O-O-O a5 11.Kb1 a4 12.Nc1 a3 13.b3 Ra5 14.g4 d5 15.g5 Nxe4 16.Nxe4 dxe4
17.Qxd8 Rxd8 18.Rxd8+ Bxd8 19.fxe4 Nd7 20.h4 f6 21.Be2 Be7 22.Rd1 Kf7 23.Bc4 Nc5
24.Bxc5 Rxc5 25.gxf6 gxf6 26.Nd3 Rc8 27.Rf1 Bd6 28.Bxe6+ Kxe6 29.c4 Rg8 30.c5 Be7
31.b4 Rg4 32.Re1 Rxh4 33.Kc2 h5 34.Kb3 Rh3 35.Kc4 h4 36.b5 Rh2 37.b6 Rxa2
38.Rc1 Rd2 39.c6 bxc6 40.b7 Bd6 41.Nc5+ Kf7 42.Nb3 Rb2 43.Ra1 a2 44.Kc3 Rg2
45.Rh1 Ke7 46.Na1 Kd7 47.Rxh4 Kc7 48.Rh7+ Kb8 49.Kb3 Bc5  0-1

[Event "Teplice Open"]
[Site "Teplice CZE"]
[Date "2011.06.17"]
[Round "7"]
[White "Vlasak,Lu"]
[Black "Zahour,Ivan"]
[Result "1-0"]
[WhiteElo "2315"]
[BlackElo "2055"]

1.e4 c5 2.Nf3 d6 3.d4 cxd4 4.Nxd4 Nf6 5.Nc3 a6 6.Be3 Bd7 7.Be2 Nc6 8.O-O e6
9.f4 Qc7 10.Qe1 h5 11.Rd1 b5 12.a3 Rc8 13.Kh1 Qb8 14.Nb3 Be7 15.Bf3 Kf8 16.Bf2 Be8
17.Bh4 Rd8 18.Qe2 Qc7 19.Rde1 Ng8 20.Bf2 h4 21.h3 Bf6 22.Bg1 Nh6 23.Be3 Be7
24.Nd4 Kg8 25.f5 Nxd4 26.Bxd4 Bf8 27.Qf2 Rb8 28.Be2 exf5 29.exf5 Bc6 30.Bf3 Bxf3
31.Qxf3 Qb7 32.Nd5 Rh7 33.Re8 Kh8 34.Rfe1 Qa8 35.Rxb8 Qxb8 36.Qe4 Kg8 37.f6 g6
38.Ne7+ Bxe7 39.fxe7 Qe8 40.Qc6  1-0

[Event "NK Internet Final 2011"]
[Site "PlayChess.com INT"]
[Date "2011.06.18"]
[Round "4.11"]
[White "Smeets,J"]
[Black "Van Wely,L"]
[Result "0-1"]
[WhiteElo "2647"]
[BlackElo "2675"]

1.e4 c5 2.Nf3 d6 3.d4 cxd4 4.Nxd4 Nf6 5.Nc3 a6 6.Be3 e5 7.Nf3 Be7 8.Bc4 O-O
9.O-O Nc6 10.Qe2 b5 11.Bb3 Be6 12.Bg5 Nd7 13.Bxe7 Qxe7 14.Nd5 Qd8 15.Rad1 Na5
16.Rd2 Nxb3 17.cxb3 Bxd5 18.Rxd5 Nf6 19.Rd3 Qc7 20.Nh4 g6 21.f4 Qc6 22.Re3 Qc5
23.fxe5 Ng4 24.Rf3 dxe5 25.h3 Nxe3 26.Rxe3 Rad8 27.Kh2 Qc1 28.Qf3 Rd1 29.Kg3 Rf1
30.Qe2 Rd8 31.Nf3 Rfd1 32.Qf2 f6 33.Kh2 Kg7 34.b4 R8d7 35.a3 Rh1+ 36.Kg3 Rhd1
37.Kh2 R1d3 38.Re2 Qf4+ 39.Kg1 Rd1+ 40.Ne1 Qxf2+ 41.Kxf2 R7d2 42.Ke3 Rxe2+
43.Kxe2 Rd4 44.Ke3 f5 45.exf5 gxf5 46.Nd3 Kf6 47.Nc5 Rd6 48.g4 h6 49.b3 f4+
50.Ke4 Rd4+ 51.Kf3 Rd1 52.Nxa6 Rd3+  0-1

[Event "Voronezh Master Open"]
[Site "Voronezh RUS"]
[Date "2011.06.18"]
[Round "6.24"]
[White "Sokolovsky,V"]
[Black "Antipov,M2"]
[Result "0-1"]
[WhiteElo "2047"]
[BlackElo "2378"]

1.e4 c5 2.Nf3 d6 3.d4 cxd4 4.Nxd4 Nf6 5.Nc3 a6 6.Be3 e5 7.Nb3 Be6 8.Be2 Be7
9.O-O O-O 10.f4 exf4 11.Bxf4 Nc6 12.Kh1 Rc8 13.Qd2 b5 14.a3 Qd7 15.Rad1 Rfd8
16.Qe3 Bxb3 17.cxb3 Qe6 18.b4 Ne5 19.Nd5 Nc4 20.Bxc4 Rxc4 21.Nxe7+ Qxe7 22.e5 dxe5
23.Qxe5 Rxd1 24.Rxd1 Qxe5 25.Bxe5 Ne8 26.Kg1 f6 27.Bc3 Kf7 28.Rd7+ Ke6 29.Rb7 Nc7
30.Rb6+ Kd5 31.Kf2 Rc6 32.Rxc6 Kxc6 33.Ke3 Kd5 34.Kd3 h5 35.h3 Ne6 36.Bd2 h4
37.Bc3 f5 38.Ke3 Kc4 39.Kf3 Kd3 40.Be5 Kd2 41.Bc3+ Kd3 42.Be5 Kc4 43.Bc3 Kd5
44.Ke3 Kd6 45.Kf3 Ke7 46.Be5 Kf7 47.Bc3 Kg6 48.Bd2 Kf6 49.Bc3+ Kg5 50.Bd2+ Kg6
51.Bc3 Kh5 52.Bd2 g5 53.Bc3 g4+ 54.hxg4+ fxg4+ 55.Kf2 Kg5 56.Be5 Kf5 57.Bd6 Ng5
58.Be7 g3+ 59.Ke3 Kg4 60.Bd6 Nf7 61.Bc7 Nh6 62.b3 Nf7 63.a4 Kf5 64.axb5 axb5
65.Kf3 Ng5+ 66.Ke3 Ne4 67.Bb8 Nc3 68.Bd6 Kg4 69.Bb8 Nd5+ 70.Ke4 Nxb4 71.Bd6 Na2
72.Kd4 Nc1 73.b4 Ne2+ 74.Ke3 Nc3 75.Kd4  0-1

[Event "14th Iraklio's Open"]
[Site "Athens GRE"]
[Date "2011.06.19"]
[Round "9"]
[White "Hrisanthopoulos,D"]
[Black "Lappas,Konstantinos"]
[Result "1-0"]
[WhiteElo "2046"]
[BlackElo "1995"]

1.e4 c5 2.Nf3 d6 3.d4 cxd4 4.Nxd4 Nf6 5.Nc3 a6 6.Be3 Ng4 7.Bc1 Nf6 8.Be3 e5
9.Nb3 Be6 10.Qd2 Nbd7 11.f4 Rc8 12.Bd3 Be7 13.f5 Bc4 14.h3 b5 15.O-O-O Bxd3
16.Qxd3 Rc4 17.g4 h6 18.Kb1 Qa8 19.Nd2 Rc8 20.Rhg1 Nc5 21.Bxc5 Rxc5 22.h4 h5
23.g5 Ng4 24.Qf3 Rc8 25.Nd5 Qc6 26.c3 Bd8 27.Nf1 g6 28.Nfe3 Nxe3 29.Qxe3 O-O
30.Rgf1 Qe8 31.Rf3 Rc5 32.Rdf1 Kg7 33.fxg6 Kxg6 34.Rf6+ Kg7 35.Qf3 Rxd5 36.exd5 e4
37.Qxh5 e3 38.Qh6+ Kg8 39.g6  1-0

[Event "e2e4 Gatwick Open"]
[Site "London ENG"]
[Date "2011.06.19"]
[Round "4"]
[White "Bisby,D"]
[Black "Josse,Mar"]
[Result "1-0"]
[WhiteElo "2296"]
[BlackElo "2138"]

1.e4 c5 2.Nf3 d6 3.d4 cxd4 4.Nxd4 Nf6 5.Nc3 a6 6.Be3 e5 7.Nb3 Be6 8.Qd2 Be7
9.O-O-O Nbd7 10.f4 Rc8 11.Kb1 O-O 12.f5 Bc4 13.g4 Nxg4 14.Rg1 Nxe3 15.Qxe3 Bxf1
16.Rdxf1 Kh8 17.Rf3 Nf6 18.Rh3 Rg8 19.Nd5 Nxd5 20.exd5 Rc4 21.Nd2 Rf4 22.Qd3 Qb6
23.Rxh7+ Kxh7 24.f6+  1-0

[Event "61st ch-RUS HL w"]
[Site "Taganrog RUS"]
[Date "2011.06.20"]
[Round "5"]
[White "Ambartsumova,K"]
[Black "Bodnaruk,A"]
[Result "1/2-1/2"]
[WhiteElo "2303"]
[BlackElo "2419"]

1.e4 c5 2.Nf3 d6 3.d4 cxd4 4.Nxd4 Nf6 5.Nc3 a6 6.Be3 e5 7.Nf3 Qc7 8.a4 Be7
9.a5 O-O 10.Be2 Nc6 11.Bb6 Qd7 12.Nd2 Nd4 13.Bc4 Ne6 14.Be3 Bd8 15.O-O Rb8
16.Ba7 Ra8 17.Be3 Rb8 18.Ba7 Ra8 19.Be3 Rb8 20.Ba7 Ra8 21.Be3 Rb8  1/2-1/2

[Event "49th National Challengers ch-IND"]
[Site "Aurangabad IND"]
[Date "2011.06.21"]
[Round "8"]
[White "Nimmy,A"]
[Black "Saravanan,V1"]
[Result "1/2-1/2"]
[WhiteElo "2222"]
[BlackElo "2423"]

1.e4 c5 2.Nf3 d6 3.d4 cxd4 4.Nxd4 Nf6 5.Nc3 a6 6.Be3 e5 7.Nb3 Be7 8.Be2 O-O
9.O-O Be6 10.f4 exf4 11.Bxf4 Nc6 12.Kh1 d5 13.exd5 Nxd5 14.Nxd5 Qxd5 15.Qe1 Rad8
16.Qg3 Bf5 17.Bf3 Qb5 18.Bc7 Rd7 19.a4 Qc4 20.Bxc6 Qxc6 21.Be5 Bg6 22.Nd4 Qb6
23.Nf5 f6 24.Nxe7+ Rxe7 25.a5 Qa7 26.Bd6 Re3 27.Qf2 Rfe8 28.Bf4 Qc5 29.Bxe3 Rxe3
30.Rae1 Rxe1 31.Qxe1 h5 32.Qd2 Qxc2 33.Qxc2 Bxc2 34.Rc1 Be4 35.Kg1 Bc6 36.Kf2 h4
37.g3 hxg3+ 38.hxg3 Kf7 39.Ke3 g5 40.b4 Ke6 41.Rc5 f5 42.Kd4 Kf6 43.Ke3 Ke6
44.Kd4 Kf6 45.Ke3  1/2-1/2

[Event "49th National Challengers ch-IND"]
[Site "Aurangabad IND"]
[Date "2011.06.23"]
[Round "10"]
[White "Sangma,R"]
[Black "Narayanan,SL"]
[Result "1-0"]
[WhiteElo "2367"]
[BlackElo "2167"]

1.e4 c5 2.Nf3 d6 3.d4 cxd4 4.Nxd4 Nf6 5.Nc3 a6 6.Be3 e5 7.Nb3 Be7 8.f3 Be6
9.Qd2 O-O 10.O-O-O a5 11.Bb5 Na6 12.Qf2 Qb8 13.Kb1 Nc7 14.a4 Rc8 15.Bd3 d5
16.exd5 Ncxd5 17.Nxd5 Nxd5 18.Bc5 Bxc5 19.Nxc5 Qa7 20.Ne4 Qxf2 21.Nxf2 Nb4
22.Rd2 Nxd3 23.Nxd3 f6 24.Rhd1 Kf7 25.b3 Rab8 26.c4 Ke7 27.Kb2 h5 28.h4 Rd8
29.Nc5 Rxd2+ 30.Rxd2 b6 31.Ne4 Rc8 32.Kc3 Rc6 33.Re2 g6 34.g3 Bd5 35.Nd2 Rc5
36.Re3 Bc6 37.Rd3 g5 38.Ne4 Bxe4 39.fxe4 Rc8 40.b4 axb4+ 41.Kxb4 Ke6 42.hxg5 fxg5
43.Kb5 Rc5+ 44.Kb4 Rc7 45.Rd8 Rh7 46.Rb8 Kd6 47.Rxb6+ Kc7 48.Kc5 h4 49.gxh4 gxh4
50.a5 h3 51.a6 Kc8 52.Rg6 h2 53.Rg8+ Kc7 54.a7 h1=Q 55.a8=Q Qb1 56.Qc8+  1-0

[Event "ch-Commonwealth RSA-Open"]
[Site "Ekurhuleni RSA"]
[Date "2011.06.24"]
[Round "5.7"]
[White "Klaasen,C"]
[Black "Huschenbeth,N"]
[Result "0-1"]
[WhiteElo "2068"]
[BlackElo "2502"]

1.e4 c5 2.Nf3 d6 3.d4 cxd4 4.Nxd4 Nf6 5.Nc3 a6 6.Be3 e6 7.Be2 Nbd7 8.f4 Qc7
9.Bf3 e5 10.Nde2 b5 11.O-O Bb7 12.a3 Be7 13.Kh1 O-O 14.Ng3 g6 15.f5 Rac8
16.Bg5 Nb6 17.fxg6 fxg6 18.Bh6 Rfd8 19.Bg4 Nxg4 20.Qxg4 Qd7 21.Nf5 Bf6 22.Qg3 Kh8
23.Ne3 Bg7 24.Bg5 Rf8 25.Qh4 Qe6 26.Ng4 Nd7 27.Rad1 h6 28.Ne3 Nf6 29.Ncd5 Nxd5
30.exd5 Bxd5 31.h3 Bb7 32.Be7 Rf4 33.Rxf4 exf4 34.Ng4 Rxc2 35.Nf2 Qe3  0-1

[Event "ch-Commonwealth RSA-Open"]
[Site "Ekurhuleni RSA"]
[Date "2011.06.24"]
[Round "8"]
[White "Mamombe,K"]
[Black "Bornheim,C"]
[Result "0-1"]
[WhiteElo "2089"]
[BlackElo "1806"]

1.e4 c5 2.Nf3 d6 3.d4 cxd4 4.Nxd4 Nf6 5.Nc3 a6 6.Be3 e5 7.Nb3 Be7 8.f3 Be6
9.Qd2 O-O 10.g4 a5 11.Bb5 d5 12.exd5 Nxd5 13.Nxd5 Bxd5 14.O-O Na6 15.Rad1 Nc7
16.c4 Qc8 17.Nxa5 Rd8 18.Qe1 Bxf3 19.Rxd8+ Bxd8 20.Rxf3 Nxb5 21.cxb5 Rxa5
22.Qf1 Rxa2 23.h3 Qd7 24.Rf2 h6 25.Rd2 Qc8 26.Qf5 Qc1+ 27.Kg2 Rxb2 28.Qd7 Rxd2+
29.Bxd2 Qc7 30.Qe8+ Kh7 31.Kf3 Kg6 32.Be3 Qd6 33.Ke4 Bf6 34.Qc8 Qb4+ 35.Kf3 e4+
36.Kf4 Bg5+ 37.Kg3 Qe1+ 38.Kg2 Qe2+ 39.Bf2 Qf3+ 40.Kg1 e3 41.Qc2+ f5 42.Be1 e2
43.gxf5+ Kh5 44.Qc3 Be3+  0-1

[Event "4th Karen Asrian Memorial"]
[Site "Jermuk ARM"]
[Date "2011.06.24"]
[Round "9"]
[White "Petrosian,DG"]
[Black "Idani,P"]
[Result "1/2-1/2"]
[WhiteElo "2480"]
[BlackElo "2372"]

1.e4 c5 2.Nf3 d6 3.d4 cxd4 4.Nxd4 Nf6 5.Nc3 a6 6.Be3 e5 7.Nf3 Qc7 8.a4 Be7
9.Be2 O-O 10.O-O b6 11.Qd3 Nbd7 12.Qc4 Qd8 13.Nd2 Bb7 14.Qa2 Rc8 15.Bf3 Qc7
16.Rfd1 Nc5 17.Bg5 Ncd7 18.Nf1 h6 19.Bxf6 Nxf6 20.Ne3 Rfe8 21.Rd2 Qc5 22.Rad1 g6
23.Re2 h5 24.Ncd5 Nxd5 25.Nxd5 Bg5 26.g3 h4 27.Bg4 hxg3 28.hxg3 Rb8 29.Qb3 b5
30.axb5 axb5 31.Qb4 Red8 32.c3 Kg7 33.Ree1 Ra8 34.Qxc5 dxc5 35.Nc7 Rxd1 36.Rxd1 Ra2
37.Ne6+ fxe6 38.Rd7+ Kh6 39.Rxb7 Rxb2 40.Bxe6 Bd2 41.Bc4 b4 42.cxb4 cxb4
43.Kg2 Be1 44.Rf7 b3 45.Rf3  1/2-1/2

[Event "HSG Open"]
[Site "Hilversum NED"]
[Date "2011.06.26"]
[Round "6"]
[White "Klein,Da"]
[Black "Zwirs,Nico"]
[Result "0-1"]
[WhiteElo "2359"]
[BlackElo "2097"]

1.e4 c5 2.Nf3 d6 3.d4 cxd4 4.Nxd4 Nf6 5.Nc3 a6 6.Be3 e5 7.Nb3 Be6 8.f3 Be7
9.Qd2 O-O 10.O-O-O Nbd7 11.g4 b5 12.Rg1 Nb6 13.g5 Nh5 14.Nd5 Bxd5 15.exd5 Rc8
16.Qa5 Nc4 17.Qxd8 Bxd8 18.Bxc4 bxc4 19.Nd2 c3 20.Ne4 cxb2+ 21.Kxb2 Be7 22.Rd3 g6
23.Nd2 f5 24.Rb3 Nf4 25.Bxf4 exf4 26.h4 Rfe8 27.Rb6 a5 28.Nb3 Bf8 29.Nxa5 Bg7+
30.Ka3 Bd4 31.Rgb1 Bxb6 32.Rxb6 Rxc2 33.Rxd6 Rc3+ 34.Kb4 Rxf3 35.Rc6 Rd3
36.d6 f3 37.Kc4 f2  0-1

[Event "Ladislava Kotana Mem"]
[Site "Kosice SVK"]
[Date "2011.06.27"]
[Round "4"]
[White "Pastir,S"]
[Black "Perhacs,G"]
[Result "1-0"]
[WhiteElo "2059"]
[BlackElo "1982"]

1.e4 c5 2.Nf3 d6 3.d4 cxd4 4.Nxd4 Nf6 5.Nc3 a6 6.Be3 e5 7.Nb3 Be6 8.Be2 Be7
9.O-O O-O 10.f4 Qc7 11.f5 Bc4 12.Bxc4 Qxc4 13.Qf3 Nbd7 14.g4 Rfc8 15.g5 Ne8
16.Na5 Qc7 17.Nd5 Qxa5 18.Nxe7+ Kh8 19.Qh5 Nef6 20.gxf6 Nxf6 21.Qxf7 Rc7
22.b4 Rxe7 23.Qxe7 Qxb4 24.c4 Qxc4 25.Qxb7  1-0

[Event "6th Dvorkovich Cup"]
[Site "Moscow RUS"]
[Date "2011.06.28"]
[Round "6.5"]
[White "Eliseev,U"]
[Black "Grigoryan,K2"]
[Result "0-1"]
[WhiteElo "2433"]
[BlackElo "2463"]

1.e4 c5 2.Nf3 d6 3.d4 cxd4 4.Nxd4 Nf6 5.Nc3 a6 6.Be3 e5 7.Nb3 Be7 8.Qd2 O-O
9.O-O-O a5 10.Kb1 a4 11.Nc1 a3 12.b3 Nc6 13.f3 Be6 14.g4 Nd4 15.Bxd4 exd4
16.Nb5 d5 17.e5 Nd7 18.f4 Bxg4 19.Be2 Bxe2 20.Nxe2 Nc5 21.Qxd4 Ra5 22.Nec3 Ne6
23.Qxd5 Qc8 24.Qe4 Qc5 25.Qxb7 Nxf4 26.Rd7 Ng6 27.Qc7 Rxb5 28.Nxb5 Qxb5 29.Rxe7 Qd5
30.Rc1 Qd4 31.c3 Qe4+ 32.Ka1 Qe3 33.Kb1 Qf2 34.Rc2 Qg1+ 35.Rc1 Qxh2 36.Rc2 Qh1+
37.Rc1 Qe4+ 38.Ka1 Nxe7 39.Qxe7 Ra8 40.Rf1 Qd5 41.Qd6 Qg2 42.Rb1 Qc2 43.Qc5 h6
44.b4 Rd8 45.e6 fxe6 46.Qc4 Rd1 47.Qxe6+ Kh8  0-1

[Event "Ladislava Kotana Mem"]
[Site "Kosice SVK"]
[Date "2011.06.29"]
[Round "6"]
[White "Pastir,S"]
[Black "Kusiak,M"]
[Result "1/2-1/2"]
[WhiteElo "2059"]
[BlackElo "2116"]

1.e4 c5 2.Nf3 d6 3.d4 cxd4 4.Nxd4 Nf6 5.Nc3 a6 6.Be3 Ng4 7.Bc1 Nc6 8.Nd5 e6
9.Nxc6 bxc6 10.Qxg4 exd5 11.Qe2 Be6 12.exd5 Qa5+ 13.Qd2 Qxd5 14.Qxd5 Bxd5
15.Be3 Be7 16.Bd4 O-O 17.Bd3 c5 18.Bc3 Be6 19.O-O Rfd8 20.b3 d5 21.Be5 a5
22.a4 Bf6 23.Rfe1 c4 24.Bxf6 gxf6 25.bxc4 dxc4 26.Be4 Rab8 27.c3 Rb2 28.Rab1 Rdd2
29.Rxb2 Rxb2 30.h3 Kf8 31.Bc6 Rc2 32.Re3 Ke7 33.Be4 Ra2 34.Bxh7 Rxa4 35.Be4 Kf8
36.Bc6 Ra1+ 37.Kh2 a4 38.Re2 a3 39.Rd2 Rb1 40.Rd8+ Kg7 41.Ra8 Rb3 42.Ra4 Rxc3
43.Bb5 Bf5 44.Bxc4 Bc2 45.Rb4 Rxc4 46.Rxc4 a2 47.Rxc2 a1=Q 48.Re2 f5 49.Re3 f4
50.Rf3 Qc1 51.g3 fxg3+ 52.fxg3 Qd2+ 53.Kg1 Qe1+ 54.Kg2 Qe2+ 55.Rf2 Qe4+ 56.Kh2 f5
57.Rf4 Qe2+ 58.Kg1 Kf6 59.Kh1 Ke5 60.Kg1 Qd2 61.Kh1 Qxf4 62.gxf4+ Kxf4 63.Kg2 Ke3
64.h4 Ke2 65.Kg3 Ke3 66.Kg2  1/2-1/2

[Event "7th Lazy Open"]
[Site "Lazy POL"]
[Date "2011.06.30"]
[Round "6.4"]
[White "Olszewski,Mi"]
[Black "Nasuta,G"]
[Result "1-0"]
[WhiteElo "2542"]
[BlackElo "2198"]

1.e4 c5 2.Nf3 d6 3.d4 cxd4 4.Nxd4 Nf6 5.Nc3 a6 6.Be3 e6 7.f3 b5 8.Qd2 Bb7
9.g4 Nfd7 10.O-O-O Nb6 11.Nb3 Nc6 12.Qf2 Nd7 13.h4 Rc8 14.g5 Na5 15.Kb1 Be7
16.h5 Nxb3 17.axb3 Bxg5 18.Rxd6 Bf6 19.h6 g6 20.Bd4 Qe7 21.Bxf6 Nxf6 22.Qd4 O-O
23.Rd7 e5 24.Rxe7 exd4 25.Nxb5 Bxe4 26.fxe4 axb5 27.Bxb5 Rc5 28.Bc4 Ng4 29.Rd7 Rh5
30.Rxh5 gxh5 31.Rxd4 Nxh6 32.Rd5 Kg7 33.Rxh5 Re8 34.Bd3 Kg6 35.Rh1 Re5 36.Rg1+ Rg5
37.e5+ Nf5 38.Rf1 h5 39.b4 h4 40.b5 h3 41.Rh1 Rh5 42.b6  1-0

[Event "Karvina Open"]
[Site "Karvina CZE"]
[Date "2011.07.02"]
[Round "1.30"]
[White "Neumann,J"]
[Black "Lipus,D"]
[Result "1-0"]
[WhiteElo "2135"]
[BlackElo "1559"]

1.e4 c5 2.Nf3 d6 3.d4 cxd4 4.Nxd4 Nf6 5.Nc3 a6 6.Be3 e6 7.f3 b5 8.Qd2 Be7
9.g4 O-O 10.O-O-O Qc7 11.g5 Nfd7 12.h4 Bb7 13.g6 hxg6 14.h5 b4 15.hxg6 fxg6
16.Nxe6 bxc3 17.Qd4 cxb2+ 18.Kb1 Bf6 19.Nxc7 Bxd4 20.Bxd4 Nf6 21.Bc4+ d5
22.exd5 Nh5 23.Nxa8 Bxa8 24.Rdg1 Rf5 25.Rxg6 Bxd5 26.Bxd5+ Rxd5 27.Bxb2 Rb5
28.a4 Rf5 29.Rhg1 Rf7 30.R6g5 Nf4 31.Rxg7+  1-0

[Event "5th Dachsteinwelterbe Rapid"]
[Site "Obertraun AUT"]
[Date "2011.07.02"]
[Round "8"]
[White "Szabo,Krisz1"]
[Black "Palac,M"]
[Result "0-1"]
[WhiteElo "2542"]
[BlackElo "2592"]

1.e4 c5 2.Nf3 d6 3.d4 cxd4 4.Nxd4 Nf6 5.Nc3 a6 6.Be3 e5 7.Nb3 Be7 8.f3 Be6
9.Qd2 h5 10.Nd5 Bxd5 11.exd5 Nbd7 12.O-O-O Rc8 13.Kb1 Nb6 14.Qa5 Qc7 15.c3 Bd8
16.Be2 Nbxd5 17.Rxd5 Qc6 18.Rxe5+ dxe5 19.Qxe5+ Qe6 20.Qd4 O-O 21.Bd3 Be7
22.Bc2 Rfd8 23.Qa7 b5 24.Bc1 Nd5 25.Qf2 b4 26.Re1 Qf6 27.cxb4 Nxb4 28.Be4 Nd3
29.Bxd3 Rxd3 30.Qe2 Qg6 31.Ka1 Bf6 32.Qf2 Qf5 33.Qe2  0-1

[Event "86th ch-Paris IdF"]
[Site "Paris FRA"]
[Date "2011.07.02"]
[Round "1.1"]
[White "Fedorchuk,S"]
[Black "Tate,A"]
[Result "1-0"]
[WhiteElo "2618"]
[BlackElo "2342"]

1.e4 c5 2.Nf3 d6 3.d4 Nf6 4.Nc3 cxd4 5.Nxd4 a6 6.Be3 e5 7.Nb3 Be6 8.h3 Nbd7
9.a4 h6 10.Qf3 Rc8 11.O-O-O Nb6 12.Nd5 Bxd5 13.exd5 Qc7 14.c3 Nc4 15.Bd3 Be7  1-0

[Event "38th ch-IND w Challengers"]
[Site "Chennai IND"]
[Date "2011.07.03"]
[Round "2"]
[White "Pratyusha,B"]
[Black "Minki,S"]
[Result "1-0"]
[WhiteElo "2064"]
[BlackElo "1851"]

1.e4 c5 2.Nf3 d6 3.d4 cxd4 4.Nxd4 Nf6 5.Nc3 a6 6.Be3 Qc7 7.f3 e6 8.Qd2 Be7
9.O-O-O O-O 10.g4 b5 11.Bd3 Bb7 12.h4 Nc6 13.Nxc6 Qxc6 14.h5 Nd7 15.Ne2 Ne5
16.Nd4 Nxd3+ 17.Qxd3 Qc4 18.Kb1 Qxd3 19.cxd3 Bf6 20.Ne2 d5 21.g5 Be5 22.Rc1 Rac8
23.Rxc8 Rxc8 24.Rc1 Rxc1+ 25.Kxc1 dxe4 26.fxe4 f6 27.b3 Kf7 28.Kd2 g6 29.hxg6+ hxg6
30.d4 Bc7 31.Kd3 Bd8 32.gxf6 Kxf6 33.Ng3 e5 34.d5 Bc7 35.a4 Bc8 36.Ne2 Bd7
37.Nc3 Ba5 38.axb5 axb5 39.Ne2 Bg4 40.Bd2 Bb6 41.Bb4 Bd7 42.Bd2 Bc5 43.Be3 Be7
44.Ng1 Bg4 45.Ne2 Bd7 46.Nc3 Bb4 47.Nd1 Be7 48.Nf2 Bb4 49.Ke2 Bd6 50.Kf3 b4
51.Ng4+ Kg7 52.Bg5 Kf7 53.Bc1 Bxg4+ 54.Kxg4 Kg7 55.Bg5 Kf7 56.Kf3 Bc5 57.Ke2 Ke8
58.Kd3 Be7 59.Bxe7 Kxe7 60.Ke3 Kf6 61.Kf3 Kg5 62.Kg3 Kf6 63.Kg4 Kg7 64.Kg5 Kf7
65.d6 Ke6 66.Kxg6 Kxd6 67.Kf6 Kd7 68.Kxe5 Ke7 69.Kd5 Kd7 70.Kc5 Ke6 71.Kxb4 Ke5
72.Kc5 Kxe4 73.b4  1-0

[Event "ch-Commonwealth RSA-Open"]
[Site "Ekurhuleni RSA"]
[Date "2011.07.03"]
[Round "11"]
[White "Swathi,G"]
[Black "Huschenbeth,N"]
[Result "0-1"]
[WhiteElo "2317"]
[BlackElo "2502"]

1.e4 c5 2.Nf3 d6 3.d4 cxd4 4.Nxd4 Nf6 5.Nc3 a6 6.Be3 e6 7.Be2 Nbd7 8.f4 b5
9.Bf3 Bb7 10.a3 Qc7 11.Qe2 e5 12.Nb3 Be7 13.f5 Rc8 14.g4 d5 15.exd5 b4 16.axb4 Bxb4
17.Bd2 Bxc3 18.Bxc3 Nxd5 19.Bxd5 Bxd5 20.Rg1 Bxb3 21.cxb3 O-O 22.g5 Nc5 23.O-O-O Nxb3+
24.Kb1 Rfe8 25.f6 g6 26.Qf2 Qc4 27.Rg3 Qe4+ 28.Qc2 Qa4 29.Qd3 Qa1+ 30.Kc2 Qa2
31.Qd5 Na1+ 32.Kc1 Qa4 33.Kb1 Nb3 34.Rh3 Nd4 35.Rd2 Rcd8 36.Qa2 Qd7 37.Rhd3 Qf5
38.Qxa6 Nb3 39.Ka2 Nc1+  0-1

[Event "Karvina Open"]
[Site "Karvina CZE"]
[Date "2011.07.03"]
[Round "2.15"]
[White "Sieber,M"]
[Black "Worek,J"]
[Result "0-1"]
[WhiteElo "2029"]
[BlackElo "2306"]

1.e4 c5 2.Nf3 d6 3.d4 cxd4 4.Nxd4 Nf6 5.Nc3 a6 6.Be3 e5 7.Nb3 Be7 8.Be2 Be6
9.O-O O-O 10.f4 exf4 11.Bxf4 Nc6 12.Be3 Rc8 13.Nd4 Ne5 14.Nf5 b5 15.Nd5 Bxf5
16.Nxe7+ Qxe7 17.exf5 Nc4 18.Bc1 Ne3 19.Bxe3 Qxe3+ 20.Kh1 Ne4 21.f6 Nf2+
22.Rxf2 Qxf2 23.fxg7 Rfe8 24.Bd3 Rc5 25.Qf1 Qxf1+ 26.Rxf1 Rce5 27.Kg1 Re1
28.c3 Kxg7 29.Rxe1 Rxe1+ 30.Kf2 Ra1 31.a3 Ra2 32.c4 Rxb2+ 33.Kf3 Rb3 34.Ke4 bxc4
35.Bxc4 Rxa3 36.Kd5 a5 37.Kxd6  0-1

[Event "Karvina Open"]
[Site "Karvina CZE"]
[Date "2011.07.03"]
[Round "2.30"]
[White "Folwarczny,Marek"]
[Black "Urbanik,Lukas"]
[Result "0-1"]
[WhiteElo "1631"]
[BlackElo "1887"]

1.e4 c5 2.Nf3 d6 3.d4 Nf6 4.Nc3 cxd4 5.Nxd4 a6 6.Be3 e6 7.Be2 Be7 8.O-O O-O
9.Qd2 Nc6 10.f4 Qc7 11.Kh1 Re8 12.h3 Nxd4 13.Bxd4 b5 14.e5 Nd7 15.exd6 Bxd6
16.f5 e5 17.Nd5 Qc6 18.Bc3 Bb7 19.Ne3 Rad8 20.Bf3 e4 21.Bg4 Ne5 22.Qe2 f6
23.Rad1 Bb8 24.Bh5 Nf7 25.Rxd8 Rxd8 26.Bxf7+ Kxf7 27.Rd1 Qc7 28.Qh5+ Kg8
29.Rxd8+ Qxd8 30.Bd4 Bc6 31.c3 Qd6 32.Nf1 Qf4 33.Qe2 Qxf5 34.Bg1 Qd5 35.Qg4 Bd7
36.Qe2 Qd3 37.Qh5 f5 38.Qg5 Bc7 39.Qe7 Qd6 40.Qg5 h6 41.Qh5 Qf6 42.Qd1 Bc6
43.Bd4 Qd6 44.Qb3+ Bd5 45.Qc2 Bc4 46.Kg1 Qf4 47.Bf2 Bxf1 48.Kxf1 e3  0-1

[Event "Karvina Open"]
[Site "Karvina CZE"]
[Date "2011.07.04"]
[Round "3.11"]
[White "Dubiel,J"]
[Black "Sobek,J"]
[Result "1-0"]
[WhiteElo "2416"]
[BlackElo "2276"]

1.e4 c5 2.Nf3 d6 3.d4 cxd4 4.Nxd4 Nf6 5.Nc3 a6 6.Be3 e5 7.Nb3 Be6 8.f4 exf4
9.Bxf4 Nc6 10.Qe2 Be7 11.h3 O-O 12.O-O-O Qc7 13.g4 Nd7 14.Kb1 Rfe8 15.Qg2 b5
16.Nd5 Bxd5 17.exd5 Nce5 18.g5 b4 19.Nd4 Bf8 20.h4 Nb6 21.h5 g6 22.hxg6 hxg6
23.Qh3 Bg7 24.Qh7+ Kf8 25.Bg2 Nbc4 26.Bc1 Qb6 27.Rh3 Ra7 28.Ne6+ fxe6 29.dxe6 Rxe6
30.Bd5  1-0